Opotrebenie prievlakov pri ťahaní oceľového drôtu za mokra
Na minha lista:
| Autor principal: | |
|---|---|
| Outros Autores: | |
| Formato: | Manuscrito Livro |
| Idioma: | eslovaco |
| Publicado em: |
2016
|
| Assuntos: | |
| Acesso em linha: | http://is.stuba.sk/zp/portal_zp.pl?podrobnosti=112654 |
| Tags: |
Sem tags, seja o primeiro a adicionar uma tag!
|
MARC
| LEADER | 00000ntm a22000003a 4500 | ||
|---|---|---|---|
| 001 | stuzp56118 | ||
| 003 | SK-STU | ||
| 005 | 20160719154917.9 | ||
| 007 | ta | ||
| 008 | 150427s2015----xo-----f-mn---000-0-slo-d | ||
| 040 | |a STU |b slo | ||
| 041 | 0 | |a slo | |
| 100 | 1 | |a Harsányiová, Jana |u 063000 |4 aut |U MTF Materiálovotechnologická fakulta |T MTF Ústav výrobných technológií |X 6979 |U M3000 |Y 83 |7 6979 | |
| 242 | 0 | 1 | |a Wear of dies drawing at steel wire wet |y eng |
| 245 | 1 | 0 | |a Opotrebenie prievlakov pri ťahaní oceľového drôtu za mokra |
| 260 | |c 2016 | ||
| 650 | 4 | |a opotrebenie prievlakov |2 slo | |
| 650 | 4 | |a teplota mazadla |2 slo | |
| 650 | 4 | |a rýchlosť ťahania |2 slo | |
| 650 | 4 | |a geometria prievlaku |2 slo | |
| 650 | 4 | |a numerická simulácia |2 slo | |
| 650 | 4 | |a wear of drawing dies |2 eng | |
| 650 | 4 | |a temperature lubricants |2 eng | |
| 650 | 4 | |a drawing speed |2 eng | |
| 650 | 4 | |a the geometry of the die |2 eng | |
| 650 | 4 | |a numerical simulation |2 eng | |
| 700 | 1 | |a Tittel, Viktor |u 063600 |k Z1 |4 ths |U MTF Ústav výrobných technológií |T MTF Katedra obrábania a tvárnenia |X 2213 |U M3600 |Y 841 |7 A000002213 | |
| 856 | 4 | |u http://is.stuba.sk/zp/portal_zp.pl?podrobnosti=112654 | |
| 996 | |c M* BP-7685 |l MMSKP |s P |a 0 |w stuzp56118_0001 | ||
| SQL | |a stuzp56118 |b DBP |c SLO |d Opotrebenie prievlakov pri ťahaní oceľového drôtu za mokra |e 6979 |f Harsányiová, Jana |g 063000 |h 2213 |i Tittel, Viktor |j 20160620 |k 174 |l 06 |m http://is.stuba.sk/zp/portal_zp.pl?podrobnosti=112654 |n B-PPT |o 5.2.51. výrobné technológie | ||